|
|
|
|
| LEADER |
00000nab a2200000 ar4500 |
| 001 |
vtls008874068 |
| 003 |
SK-MaSNL |
| 005 |
20260303061651.0 |
| 008 |
061108c2006 xo wr|p|||||||000 b|slo |
| 015 |
|
|
|a SNBRB2006/11
|
| 038 |
|
|
|a SNSK
|
| 040 |
|
|
|a SNSK
|b slo
|c SNSK
|e AACR2
|
| 041 |
0 |
|
|a slo
|
| 044 |
|
|
|a xo
|c SK
|
| 080 |
|
|
|a 629.735
|2 2001
|
| 100 |
1 |
|
|a Turis, Juraj
|4 aut
|9 267882
|
| 245 |
1 |
0 |
|a Už poletí!
|c Juraj Turis
|
| 300 |
|
|
|b Fotogr.
|
| 650 |
0 |
7 |
|a Airbus A380 (dopravné lietadlo)
|2 snsk
|9 1056235
|
| 650 |
0 |
7 |
|a dopravné lietadlá
|2 snsk
|9 72700
|
| 773 |
0 |
|
|t Život
|g Roč. 56, č. 44 (2006), s. 42-43
|x 0139-6323
|
| 852 |
|
|
|a SNSK
|b KIS3GCP
|
| 999 |
|
|
|c 1736321
|d 1738251
|